000 00615nam a2200229Ia 4500
005 20240321145122.0
008 140110s9999 xx 000 0 und d
020 _a9788126531820
_cRs.501.00
040 _aLoreto College
041 _aEnglish
082 _a157
_bKRI
100 _aKring,Ann M.
245 _aAbnormal Psychology
_cAnn M.Kring
250 _a11th ed.
260 _aNew Delhi
_bWiley-India
_c2012
300 _axxi,545p
_bill.
504 _aIncludes bibliographical references,glossary and index
650 _aAbnormal psychology
651 _aPsychology
850 _aLCBED
942 _cBK
999 _c38106
_d88585